[Event "Izhevsk op-A"]
[Site "Izhevsk"]
[Date "2010.07.21"]
[Round "7"]
[White "Tsvetkov, Pavel"]
[Black "Nelyubin, Grigory"]
[Result "1-0"]
[WhiteElo "2054"]
[BlackElo "2067"]
[PlyCount "77"]
[EventDate "2010.07.15"]
[EventType "swiss"]
[EventRounds "9"]
[EventCountry "RUS"]
[SourceTitle "CBM 137 Extra"]
[Source "ChessBase"]
[SourceDate "2010.09.01"]
[SourceVersion "1"]
[SourceVersionDate "2010.09.01"]
[SourceQuality "1"]

1. e4 c6 2. d4 d5 3. e5 Bf5 4. Nc3 e6 5. g4 Bg6 6. Nge2 Nd7 7. Nf4 Ne7 8. h4 h5 9. Nxg6 Nxg6 10. Bd3 Nxh4 11. gxh5 c5 12. Qg4 cxd4 13. Rxh4 dxc3 14. Qg3 cxb2 15. Bxb2 Qa5+ 16. Kf1 0-0-0 17. Bd4 Kb8 18. Rb1 Be7 19. Rh1 Bc5 20. c3 Rc8 21. Kg2 Bxd4 22. cxd4 Nb6 23. Qf4 Qc3 24. Rb3 Qc7 25. Rhb1 Rxh5 26. a4 Rch8 27. a5 Rh2+ 28. Kf3 R2h3+ 29. Ke2 Nc4 30. Rxb7+ Qxb7 31. Rxb7+ Kxb7 32. Qxf7+ Ka8 33. a6 Na5 34. Qxe6 R3h6 35. Qxd5+ Nc6 36. Qd7 Rb8 37. Be4 Rb2+ 38. Kf3 Rb3+ 39. Kg2 1-0

[Event "Izhevsk op-A"]
[Site "Izhevsk"]
[Date "2010.07.19"]
[Round "5"]
[White "Verdnikov, Vladimir"]
[Black "Nelyubin, Grigory"]
[Result "1-0"]
[WhiteElo "2184"]
[BlackElo "2067"]
[PlyCount "67"]
[EventDate "2010.07.15"]
[EventType "swiss"]
[EventRounds "9"]
[EventCountry "RUS"]
[SourceTitle "CBM 137 Extra"]
[Source "ChessBase"]
[SourceDate "2010.09.01"]
[SourceVersion "1"]
[SourceVersionDate "2010.09.01"]
[SourceQuality "1"]

1. d4 Nf6 2. c4 e6 3. Nf3 b6 4. g3 Ba6 5. Qc2 Bb7 6. Bg2 c5 7. 0-0 cxd4 8. Nxd4 Bxg2 9. Kxg2 d6 10. Nc3 Nbd7 11. Bg5 Qc7 12. Bxf6 Nxf6 13. Qd3 Be7 14. e4 a6 15. Rac1 0-0 16. b3 Qb7 17. f4 Rfe8 18. Qf3 Nd7 19. Rcd1 Rad8 20. g4 Bf8 21. g5 Nc5 22. f5 d5 23. exd5 exd5 24. Nxd5 b5 25. f6 g6 26. Nc6 Rxd5 27. cxd5 Qd7 28. Rfe1 h5 29. Rxe8 Qxe8 30. d6 Kh7 31. Ne7 Qd7 32. h3 Qe6 33. Rd2 Qe5 34. Qd5 1-0

[Event "Izhevsk op-A"]
[Site "Izhevsk"]
[Date "2010.07.15"]
[Round "1"]
[White "Kotenko, Pavel"]
[Black "Nelyubin, Grigory"]
[Result "1-0"]
[WhiteElo "2396"]
[BlackElo "2067"]
[PlyCount "75"]
[EventDate "2010.07.15"]
[EventType "swiss"]
[EventRounds "9"]
[EventCountry "RUS"]
[SourceTitle "CBM 137 Extra"]
[Source "ChessBase"]
[SourceDate "2010.09.01"]
[SourceVersion "1"]
[SourceVersionDate "2010.09.01"]
[SourceQuality "1"]

1. e4 c5 2. Nf3 Nc6 3. d4 cxd4 4. Nxd4 Nf6 5. Nc3 d6 6. Bg5 e6 7. Qd2 a6 8. 0-0-0 Bd7 9. f4 b5 10. Bxf6 gxf6 11. Nxc6 Bxc6 12. f5 h5 13. Kb1 Qb6 14. fxe6 fxe6 15. Ne2 Bxe4 16. Nf4 Bh6 17. Qe1 Qc6 18. Bd3 d5 19. Bxe4 dxe4 20. Nxh5 Bg5 21. g4 Rc8 22. h4 Qxc2+ 23. Ka1 Rxh5 24. gxh5 Bf4 25. Qg1 Be5 26. Qg8+ Ke7 27. Qg7+ Ke8 28. Rb1 b4 29. h6 Qd2 30. Qg6+ Kf8 31. Qxe4 Qxh6 32. Qxb4+ Kf7 33. Qb7+ Rc7 34. Qxa6 Qd2 35. Qb5 Rc2 36. Qb7+ Kf8 37. h5 Bxb2+ 38. Rxb2 1-0

[Event "Udmurtia-ch"]
[Site "Izhevsk"]
[Date "2009.12.19"]
[Round "10"]
[White "Novoselov, Alexander"]
[Black "Nelyubin, Grigory"]
[Result "0-1"]
[WhiteElo "2046"]
[BlackElo "2004"]
[PlyCount "62"]
[EventDate "2009.11.12"]
[EventType "tourn"]
[EventRounds "11"]
[EventCountry "RUS"]
[SourceTitle "EXT 2011"]
[Source "ChessBase"]
[SourceDate "2010.11.26"]
[SourceVersion "1"]
[SourceVersionDate "2010.11.26"]
[SourceQuality "1"]

1. e4 c5 2. Nf3 Nc6 3. d4 cxd4 4. Nxd4 Nf6 5. Nc3 e5 6. Ndb5 d6 7. Bg5 a6 8. Na3 b5 9. Nd5 Be7 10. Bxf6 Bxf6 11. c4 b4 12. Nc2 Rb8 13. b3 0-0 14. g3 Bg5 15. Bg2 f5 16. exf5 Bxf5 17. 0-0 Qd7 18. f4 exf4 19. Nxf4 Bf6 20. Rc1 Kh8 21. Qd5 Ne7 22. Qd2 Bc3 23. Qf2 Bd3 24. Rfd1 Bxc2 25. Qxc2 Qa7+ 26. Kh1 Nf5 27. Qe2 Rbe8 28. Qh5 Ne3 29. Bd5 Nxd5 30. Ng6+ Kg8 31. Nxf8 Nf6 0-1

[Event "Udmurtia-ch"]
[Site "Izhevsk"]
[Date "2009.12.17"]
[Round "8"]
[White "Fedoseev, Vladimir"]
[Black "Nelyubin, Grigory"]
[Result "1/2-1/2"]
[WhiteElo "2179"]
[BlackElo "2004"]
[PlyCount "239"]
[EventDate "2009.11.12"]
[EventType "tourn"]
[EventRounds "11"]
[EventCountry "RUS"]
[SourceTitle "EXT 2011"]
[Source "ChessBase"]
[SourceDate "2010.11.26"]
[SourceVersion "1"]
[SourceVersionDate "2010.11.26"]
[SourceQuality "1"]

1. e4 c5 2. Nf3 a6 3. c3 d5 4. exd5 Qxd5 5. d4 e6 6. Be3 cxd4 7. cxd4 Nf6 8. Nc3 Bb4 9. Bd3 0-0 10. 0-0 Qa5 11. Qc2 Nbd7 12. Rac1 b5 13. Ne5 Bxc3 14. bxc3 g6 15. Be4 Nxe4 16. Qxe4 Qc7 17. Bh6 Bb7 18. Qf4 f6 19. Nxd7 Qxd7 20. Bxf8 Rxf8 21. f3 Bd5 22. Qd2 Rc8 23. Rfe1 Rc4 24. Qf4 Kg7 25. a3 Qe7 26. h4 Qxa3 27. Kh2 Rxc3 28. Rxc3 Qxc3 29. Rc1 e5 30. dxe5 Qxe5 31. Rc7+ Kg8 32. Qxe5 fxe5 33. Ra7 b4 34. Rxa6 b3 35. Ra5 Bc4 36. Rxe5 Kf7 37. Rc5 Bd3 38. Rc7+ Ke6 39. Rb7 Bc2 40. Kg1 Kd5 41. Kf2 Kc4 42. Ke3 h5 43. Kd2 Kd4 44. Rb4+ Kc5 45. Kc3 Kd5 46. g3 Kc5 47. g4 hxg4 48. fxg4 Kd5 49. Kd2 Kd6 50. Rb8 Ke5 51. Ke3 Bd1 52. Rb5+ Kd6 53. g5 Bc2 54. Kd4 Ke6 55. Kc3 Kd6 56. Kd4 Ke6 57. Ke3 Kd6 58. Rb8 Kd5 59. Rb5+ Kc4 60. Rb7 Kd5 61. Rb8 Ke5 62. Rb6 Kf5 63. h5 Kxg5 64. Rb5+ Kh6 65. hxg6 Kxg6 66. Kf4 Kg7 67. Kg5 Kh8 68. Rb7 Bh7 69. Rxb3 Bg8 70. Rb7 Bh7 71. Kf6 Bg8 72. Rg7 Bd5 73. Rg3 Bg8 74. Ke7 Bh7 75. Kf8 Be4 76. Rg8+ Kh7 77. Rg4 Bf5 78. Rh4+ Kg6 79. Kg8 Kg5 80. Rb4 Kf6 81. Rb6+ Be6+ 82. Kf8 Ke5 83. Ke7 Bd5 84. Rb4 Be4 85. Ra4 Bd5 86. Rh4 Be4 87. Rg4 Bf5 88. Rg5 Kf4 89. Kf6 Be4 90. Rb5 Bh7 91. Rb4+ Ke3 92. Ke5 Kd3 93. Rb7 Bg8 94. Rc7 Bb3 95. Kf4 Ba2 96. Kf3 Bb1 97. Kf2 Kd2 98. Rc8 Bc2 99. Rd8+ Kc3 100. Ke3 Kb2 101. Kd2 Bb1 102. Rb8+ Ka1 103. Kc1 Ba2 104. Kc2 Bd5 105. Rh8 Be4+ 106. Kc1 Bb1 107. Kd2 Kb2 108. Rh2 Ba2 109. Rh1 Bb1 110. Kd1 Bc2+ 111. Kd2 Bb1 112. Rc1 Be4 113. Rc4 Bb1 114. Rb4+ Ka1 115. Kc1 Ba2 116. Rb7 Bc4 117. Rb1+ Ka2 118. Rb4 Bb3 119. Rb7 Ka3 120. Ra7+ 1/2-1/2

[Event "RUS-chT Clubs U18"]
[Site "Rybinsk"]
[Date "2009.08.05"]
[Round "4"]
[White "Nelyubin, Grigory"]
[Black "Piskovets, Nikita"]
[Result "1/2-1/2"]
[WhiteElo "2004"]
[BlackElo "2031"]
[PlyCount "74"]
[EventDate "2009.08.02"]
[EventType "team-swiss"]
[EventRounds "9"]
[EventCountry "RUS"]
[SourceTitle "CBM 131 Extra"]
[Source "ChessBase"]
[SourceDate "2009.09.03"]
[SourceVersion "2"]
[SourceVersionDate "2009.09.16"]
[SourceQuality "1"]

1. d4 d5 2. c4 e6 3. Nc3 Be7 4. Nf3 Nf6 5. Bg5 0-0 6. e3 Nbd7 7. Qc2 a6 8. Rd1 dxc4 9. Bxc4 b5 10. Bd3 Bb7 11. Ne5 h6 12. Bxf6 Nxf6 13. 0-0 Nd5 14. Qe2 Bf6 15. f4 c5 16. Bb1 Bxe5 17. fxe5 Qg5 18. Nxd5 Bxd5 19. b3 cxd4 20. exd4 Rac8 21. Rd2 Rc3 22. Rd3 b4 23. h4 Qxh4 24. Rxc3 bxc3 25. Qd3 g6 26. Qxc3 Qg4 27. Rf2 Bb7 28. Bd3 Qg3 29. Qd2 Kg7 30. Bc4 Rd8 31. Qb4 Rd7 32. Bxe6 fxe6 33. Qf8+ Kh7 34. Rf7+ Rxf7 35. Qxf7+ Kh8 36. Qf8+ Kh7 37. Qf7+ Kh8 1/2-1/2

[Event "RUS-chT Clubs U18"]
[Site "Rybinsk"]
[Date "2009.08.03"]
[Round "2"]
[White "Kiselev, Maxim"]
[Black "Nelyubin, Grigory"]
[Result "1-0"]
[WhiteElo "2206"]
[BlackElo "2004"]
[PlyCount "85"]
[EventDate "2009.08.02"]
[EventType "team-swiss"]
[EventRounds "9"]
[EventCountry "RUS"]
[SourceTitle "CBM 131 Extra"]
[Source "ChessBase"]
[SourceDate "2009.09.03"]
[SourceVersion "2"]
[SourceVersionDate "2009.09.16"]
[SourceQuality "1"]

1. d4 Nf6 2. c4 e6 3. Nf3 b6 4. a3 Bb7 5. Nc3 d5 6. cxd5 exd5 7. g3 Be7 8. Bg2 0-0 9. 0-0 Na6 10. Ne5 c5 11. Be3 Ne4 12. Rc1 Nxc3 13. Rxc3 Qd6 14. Qd2 Qe6 15. f4 f5 16. Rd1 Rfd8 17. Qc2 cxd4 18. Bxd4 Nc5 19. e3 Rac8 20. Rc1 Ne4 21. Bxe4 dxe4 22. Qa4 a6 23. Nc6 Qd7 24. Qb3+ Kh8 25. Nxd8 Bxd8 26. Rxc8 Bxc8 27. Qc3 Bb7 28. Be5 h6 29. Qd4 Qxd4 30. Bxd4 Kg8 31. Rd1 Be7 32. Bxb6 Kf8 33. Kf2 Bc6 34. b4 Kf7 35. Bd8 Bf8 36. Rc1 Bb5 37. Bb6 Be7 38. Rc7 Ke6 39. Bc5 Bf6 40. Bd4 Be7 41. Bxg7 h5 42. Bd4 h4 43. Ra7 1-0

[Event "Izhevsk op"]
[Site "Izhevsk"]
[Date "2009.07.20"]
[Round "6"]
[White "Shestakov, Dmitry"]
[Black "Nelyubin, Grigory"]
[Result "0-1"]
[WhiteElo "2279"]
[BlackElo "2004"]
[PlyCount "70"]
[EventDate "2009.07.15"]
[EventType "swiss"]
[EventRounds "9"]
[EventCountry "RUS"]
[SourceTitle "EXT 2010"]
[Source "ChessBase"]
[SourceDate "2010.11.25"]
[SourceVersion "1"]
[SourceVersionDate "2010.11.25"]
[SourceQuality "1"]

1. d4 Nf6 2. c4 e6 3. Nc3 Bb4 4. Qc2 d5 5. cxd5 exd5 6. Nf3 0-0 7. Bg5 Nbd7 8. e3 c6 9. Bd3 Be7 10. h3 Re8 11. Bf4 Nf8 12. g4 Ng6 13. Ne5 Bd6 14. Nxg6 hxg6 15. Bxd6 Qxd6 16. 0-0-0 b5 17. Kb1 a5 18. Rc1 Ba6 19. Ne2 b4 20. Nf4 g5 21. Bxa6 gxf4 22. Bb7 Rab8 23. Bxc6 Re6 24. Qa4 fxe3 25. fxe3 Rxe3 26. Qxa5 Qe6 27. g5 Qf5+ 28. Ka1 Qxg5 29. Qc7 Rf8 30. Qd6 b3 31. a4 Re2 32. Bb5 Rc2 33. Rcg1 Qd2 34. Qa3 Qe3 35. Rd1 Rfc8 0-1

[Event "Izhevsk op"]
[Site "Izhevsk"]
[Date "2009.07.16"]
[Round "2"]
[White "Nelyubin, Grigory"]
[Black "Filipenko, Alexander V"]
[Result "1-0"]
[WhiteElo "2004"]
[BlackElo "2362"]
[PlyCount "79"]
[EventDate "2009.07.15"]
[EventType "swiss"]
[EventRounds "9"]
[EventCountry "RUS"]
[SourceTitle "EXT 2010"]
[Source "ChessBase"]
[SourceDate "2010.11.25"]
[SourceVersion "1"]
[SourceVersionDate "2010.11.25"]
[SourceQuality "1"]

1. d4 d5 2. c4 c6 3. Nf3 Nf6 4. Nc3 e6 5. e3 Nbd7 6. Qc2 Bd6 7. b3 0-0 8. Bb2 e5 9. Be2 dxc4 10. bxc4 exd4 11. exd4 Re8 12. 0-0 Nf8 13. h3 Ng6 14. Rfe1 Bd7 15. Bf1 Qc7 16. Qb3 Rxe1 17. Rxe1 Re8 18. Rd1 h6 19. d5 a6 20. dxc6 bxc6 21. Na4 Ne5 22. c5 Nxf3+ 23. Qxf3 Bh2+ 24. Kh1 Be5 25. Bxe5 Qxe5 26. Bxa6 Ra8 27. Nb6 Rxa6 28. Nxd7 Nxd7 29. Rxd7 Qe1+ 30. Kh2 Qe5+ 31. g3 f5 32. Rd8+ Kh7 33. Rf8 Qxc5 34. Rxf5 Qc2 35. Rf8 Rxa2 36. Qf7 Qc5 37. Qg8+ Kg6 38. Qe6+ Kh7 39. Qe4+ g6 40. Rf7+ 1-0

[Event "Izhevsk op"]
[Site "Izhevsk"]
[Date "2009.07.15"]
[Round "1"]
[White "Gusarov, Grigory"]
[Black "Nelyubin, Grigory"]
[Result "1/2-1/2"]
[WhiteElo "2349"]
[BlackElo "2004"]
[PlyCount "120"]
[EventDate "2009.07.15"]
[EventType "swiss"]
[EventRounds "9"]
[EventCountry "RUS"]
[SourceTitle "EXT 2010"]
[Source "ChessBase"]
[SourceDate "2010.11.25"]
[SourceVersion "1"]
[SourceVersionDate "2010.11.25"]
[SourceQuality "1"]

1. d4 Nf6 2. Nf3 e6 3. g3 b6 4. Bg2 Bb7 5. 0-0 Be7 6. c4 0-0 7. Re1 c5 8. d5 exd5 9. Nh4 Ne4 10. cxd5 Bxh4 11. Bxe4 f5 12. Bg2 Bf6 13. Nc3 d6 14. Qc2 Na6 15. Qxf5 Bxc3 16. Qe6+ Kh8 17. bxc3 Nc7 18. Qe3 Bxd5 19. f3 Qf6 20. Qd3 Qe6 21. a4 Bc4 22. Qc2 d5 23. e4 dxe4 24. Rxe4 Qf5 25. Bf4 Ne6 26. Bd6 Ng5 27. Bxf8 Rxf8 28. Rae1 Nxe4 29. Qxe4 Qxe4 30. Rxe4 Bb3 31. Re7 Bxa4 32. Rxa7 Bc6 33. Rc7 Bd5 34. Rd7 Ba8 35. Kf2 Kg8 36. h4 Rf7 37. Rd6 b5 38. Rb6 b4 39. cxb4 cxb4 40. Rxb4 Rf8 41. g4 h6 42. Kg3 Kh7 43. Rb5 Bc6 44. Rc5 Ba8 45. Rc7 Bd5 46. Rc3 g5 47. hxg5 hxg5 48. Rc5 Rd8 49. Bf1 Kg6 50. Bd3+ Kf6 51. Bf5 Bf7 52. Be4 Be6 53. Rc1 Bf7 54. Rh1 Re8 55. Rh6+ Kg7 56. Rb6 Re6 57. Rb5 Kh6 58. Kf2 Bg6 59. Ke3 Rf6 60. Bd5 Bf7 1/2-1/2

[Event "Udmurtia-ch"]
[Site "Izhevsk"]
[Date "2008.12.12"]
[Round "1"]
[White "Nelyubin, Grigory"]
[Black "Severiukhina, Zoja"]
[Result "1-0"]
[WhiteElo "2065"]
[BlackElo "2318"]
[PlyCount "73"]
[EventDate "2008.12.12"]
[EventType "tourn"]
[EventRounds "11"]
[EventCountry "RUS"]
[SourceTitle "EXT 2010"]
[Source "ChessBase"]
[SourceDate "2010.11.25"]
[SourceVersion "1"]
[SourceVersionDate "2010.11.25"]
[SourceQuality "1"]

1. d4 Nf6 2. c4 g6 3. Nc3 Bg7 4. e4 d6 5. f3 0-0 6. Be3 e5 7. Nge2 c6 8. Qd2 Nbd7 9. d5 cxd5 10. cxd5 a6 11. g4 h5 12. h3 b5 13. Nc1 Bb7 14. Nb3 Rc8 15. Bd3 Nh7 16. Ke2 h4 17. Rhc1 Nc5 18. Nxc5 dxc5 19. b3 Bf6 20. a4 c4 21. bxc4 bxc4 22. Bc2 Qd7 23. Rcb1 Bd8 24. a5 Ba8 25. Na4 c3 26. Qd3 f5 27. Nb6 Bxb6 28. Rxb6 Qf7 29. gxf5 gxf5 30. exf5 Bxd5 31. Rg1+ Kh8 32. Kf2 Nf6 33. Rxf6 Qxf6 34. Qxd5 Rg8 35. Rg6 Rxg6 36. fxg6 Rd8 37. Qc4 1-0

[Event "PriFR-ch U18"]
[Site "Penza"]
[Date "2008.11.04"]
[Round "2"]
[White "Nelyubin, Grigory"]
[Black "Kosov, Sergey"]
[Result "1/2-1/2"]
[WhiteElo "2065"]
[BlackElo "1825"]
[PlyCount "57"]
[EventDate "2008.11.03"]
[EventType "swiss"]
[EventRounds "9"]
[EventCountry "RUS"]
[SourceTitle "EXT 2022"]
[Source "ChessBase"]
[SourceDate "2021.10.06"]
[SourceVersion "1"]
[SourceVersionDate "2021.10.06"]
[SourceQuality "1"]

1. d4 d5 2. c4 e6 3. Nc3 Nf6 4. Bg5 c6 5. e3 Nbd7 6. cxd5 exd5 7. Bd3 Bd6 8. Qc2 h6 9. Bh4 0-0 10. Nf3 Re8 11. 0-0 Nf8 12. Rae1 Bg4 13. Nd2 Be6 14. e4 dxe4 15. Ndxe4 Be7 16. Rd1 g5 17. Bg3 Nh5 18. Nc5 Bg4 19. Rd2 b6 20. Nb3 Be6 21. Be4 Qc8 22. Qd1 Nxg3 23. fxg3 Bb4 24. Qh5 Bxc3 25. bxc3 Bxb3 26. axb3 Rxe4 27. Qxf7+ Kh8 28. Qf6+ Kh7 29. Qf7+ 1/2-1/2

[Event "Izhevsk Krasnoperov Memorial"]
[Site "Izhevsk"]
[Date "2008.09.??"]
[Round "3"]
[White "Kochurov, Dmitry"]
[Black "Nelyubin, Grigory"]
[Result "1-0"]
[WhiteElo "2313"]
[BlackElo "2065"]
[PlyCount "99"]
[EventDate "2008.09.??"]
[EventType "tourn"]
[EventRounds "9"]
[EventCountry "RUS"]
[SourceTitle "EXT 2010"]
[Source "ChessBase"]
[SourceDate "2010.11.25"]
[SourceVersion "1"]
[SourceVersionDate "2010.11.25"]
[SourceQuality "1"]

1. d4 Nf6 2. c4 e6 3. Nf3 b6 4. a3 Bb7 5. Nc3 d5 6. cxd5 exd5 7. g3 Be7 8. Bg2 0-0 9. 0-0 Na6 10. b4 Ne4 11. Qb3 c6 12. Ne5 Nd6 13. a4 Nf5 14. b5 Nb4 15. Rd1 c5 16. dxc5 Bxc5 17. e3 Qd6 18. Nd3 Nxd3 19. Rxd3 Qf6 20. Bb2 d4 21. Bxb7 dxe3 22. Ne4 exf2+ 23. Nxf2 Bxf2+ 24. Kxf2 Nd4+ 25. Bf3 Nxb3 26. Bxf6 Nxa1 27. Bxa1 Rad8 28. Rxd8 Rxd8 29. Ke3 f6 30. Bd4 Rb8 31. Kd3 Kf7 32. Kc4 Ke6 33. a5 Kd6 34. Kb4 Kc7 35. Bxb6+ Rxb6 36. axb6+ axb6 37. Kc4 Kd6 38. Kd4 f5 39. Bd1 Ke6 40. Bb3+ Kd6 41. Bg8 h6 42. Ba2 g5 43. Bb1 Ke6 44. Bd3 g4 45. Bc4+ Kf6 46. Bd5 h5 47. Bb7 Ke6 48. Bc8+ Kf6 49. Bd7 Kg5 50. Ke5 1-0

[Event "Izhevsk Krasnoperov Memorial"]
[Site "Izhevsk"]
[Date "2008.09.??"]
[Round "5"]
[White "Nelyubin, Grigory"]
[Black "Lykov, Sergey"]
[Result "0-1"]
[WhiteElo "2065"]
[BlackElo "2271"]
[PlyCount "94"]
[EventDate "2008.09.??"]
[EventType "tourn"]
[EventRounds "9"]
[EventCountry "RUS"]
[SourceTitle "EXT 2010"]
[Source "ChessBase"]
[SourceDate "2010.11.25"]
[SourceVersion "1"]
[SourceVersionDate "2010.11.25"]
[SourceQuality "1"]

1. d4 Nf6 2. c4 c5 3. d5 e5 4. Nc3 d6 5. e4 Be7 6. h3 0-0 7. Nf3 Ne8 8. g4 Nd7 9. Bd3 g6 10. Bh6 Ng7 11. Qd2 Nf6 12. 0-0-0 Kh8 13. Rhg1 a6 14. Kb1 Bd7 15. Ng5 Ng8 16. Bxg7+ Kxg7 17. h4 h6 18. Nf3 Bxh4 19. g5 Bxg5 20. Nxg5 hxg5 21. Rxg5 Qf6 22. Rdg1 Ne7 23. Qe3 Rh8 24. Ne2 Rh3 25. Ng3 Rah8 26. Be2 Kf8 27. Bg4 Bxg4 28. Rxg4 b5 29. f4 Rh2 30. f5 gxf5 31. Nxf5 Nxf5 32. Qf3 bxc4 33. Rf1 R8h5 34. exf5 e4 35. Qc3 Qxc3 36. bxc3 e3 37. f6 Rf2 38. Re1 Rhh2 39. Rxc4 Rb2+ 40. Ka1 Rxa2+ 41. Kb1 Rhb2+ 42. Kc1 Rf2 43. Kb1 Rab2+ 44. Ka1 Rbd2 45. Kb1 Rxd5 46. Kc1 Rd3 47. Rh1 Rxf6 0-1

[Event "Izhevsk Krasnoperov Memorial"]
[Site "Izhevsk"]
[Date "2008.09.??"]
[Round "9"]
[White "Nelyubin, Grigory"]
[Black "Verdnikov, Vladimir"]
[Result "0-1"]
[WhiteElo "2065"]
[BlackElo "2204"]
[PlyCount "78"]
[EventDate "2008.09.??"]
[EventType "tourn"]
[EventRounds "9"]
[EventCountry "RUS"]
[SourceTitle "EXT 2010"]
[Source "ChessBase"]
[SourceDate "2010.11.25"]
[SourceVersion "1"]
[SourceVersionDate "2010.11.25"]
[SourceQuality "1"]

1. e4 d6 2. d4 Nf6 3. Nc3 g6 4. f3 c6 5. a4 Nbd7 6. Bc4 Bg7 7. Nge2 0-0 8. Be3 d5 9. Bb3 dxe4 10. fxe4 e5 11. d5 Ng4 12. Qd2 Nxe3 13. Qxe3 Qh4+ 14. g3 Qh3 15. Qf3 Nc5 16. Bc4 Bh6 17. Qf2 Na6 18. Ng1 Qd7 19. Nf3 Nb4 20. 0-0 Qc7 21. Kg2 Kh8 22. Ne1 cxd5 23. Bxd5 f5 24. Nd3 Nxd3 25. cxd3 f4 26. Qf3 Bd7 27. g4 Qb6 28. Rf2 Bg5 29. Rd2 Kg7 30. Rg1 Rh8 31. Ne2 h5 32. gxh5 Rxh5 33. d4 Rah8 34. Kf1 Rh3 35. Ng3 Qf6 36. dxe5 Qxe5 37. Bxb7 Be6 38. Rd5 Bxd5 39. Nf5+ Qxf5 0-1